Ballet (Record no. 16432)

MARC details
000 -LEADER
fixed length control field 00405nam a2200145Ia 4500
008 - FIXED-LENGTH DATA ELEMENTS--GENERAL INFORMATION
fixed length control field 211109s9999||||xx |||||||||||||| ||und||
082 ## - DEWEY DECIMAL CLASSIFICATION NUMBER
Classification number 781.556
Item number AMB-B
100 ## - MAIN ENTRY--PERSONAL NAME
Personal name Amberg, George
245 #0 - TITLE STATEMENT
Title Ballet
260 ## - PUBLICATION, DISTRIBUTION, ETC.
Name of publisher, distributor, etc. Mentor
Place of publication, distribution, etc. New York
Date of publication, distribution, etc. 1951
300 ## - PHYSICAL DESCRIPTION
Extent 221p.
630 ## - SUBJECT ADDED ENTRY--UNIFORM TITLE
General subdivision General Stack
650 ## - SUBJECT ADDED ENTRY--TOPICAL TERM
Topical term or geographic name entry element THE ARTS FINE & DECORATIVE ARTS
942 ## - ADDED ENTRY ELEMENTS (KOHA)
Koha item type BOOK
650 ## - SUBJECT ADDED ENTRY--TOPICAL TERM
Form subdivision MUSICGENERAL PRINCIPLES & MUSICAL FORMS
General subdivision Generalia
Holdings
Withdrawn status Lost status Damaged status Not for loan Home library Current library Date acquired Cost, normal purchase price Total Checkouts Full call number Barcode Shelving location Date last seen Price effective from Koha item type
        SB LIBRARY SB LIBRARY 09/11/2021 100.00   781.556 AMB-B 00017061 GENERAL STACK 09/11/2021 09/11/2021 BOOK

Powered by Koha